[Event "NB2 Toth Laszlo csoport"]
[Site "Bekesszentandras"]
[Date "2024.12.01"]
[Round "3.5"]
[White "Monus, Zoltan"]
[Black "Brhlik, Gyorgy"]
[Result "1-0"]
[WhiteElo "1926"]
[BlackElo "1914"]
[PlyCount "75"]
[GameId "2119691468823919"]
[EventDate "2024.11.03"]
[EventType "team-tourn"]
[EventRounds "9"]
[EventCountry "HUN"]
[Source "chess.hu"]
[WhiteTeam "Oroshazi SE"]
[BlackTeam "Bekesszentandras-KuTE"]
[WhiteTeamCountry "HUN"]
[BlackTeamCountry "HUN"]

1. d4 Nf6 2. Nc3 d5 3. Bf4 Bf5 4. e3 c6 5. Bd3 Bxd3 6. Qxd3 Nbd7 7. Nf3 e6 8. h3 Be7 9. O-O O-O 10. Ne5 Nxe5 11. Bxe5 Nd7 12. Bh2 c5 13. e4 cxd4 14. Qxd4 dxe4 15. Nxe4 Nc5 16. Qxd8 Rfxd8 17. Nxc5 Bxc5 18. Rfd1 Bb6 19. Kf1 f6 20. Ke2 Kf7 21. Bf4 a6 22. Be3 Bxe3 23. Kxe3 Ke7 24. Rd3 Rxd3+ 25. Kxd3 Rd8+ 26. Ke3 Rc8 27. c3 Rd8 28. a4 e5 29. a5 Ke6 30. Ra4 Rd5 31. c4 Rd7 32. Rb4 Kd6 33. Rb6+ Kc5 34. b3 f5 35. f3 h5 36. h4 Rc7 37. Kd3 g6 38. b4# 1-0

[Event "NB2 Toth Laszlo csoport"]
[Site "Bekesszentandras"]
[Date "2024.12.01"]
[Round "3.6"]
[White "Kovacs, Tibor T."]
[Black "Biro, Istvan"]
[Result "0-1"]
[WhiteElo "1799"]
[BlackElo "1994"]
[PlyCount "98"]
[GameId "2119691506285955"]
[EventDate "2024.11.03"]
[EventType "team-tourn"]
[EventRounds "9"]
[EventCountry "HUN"]
[Source "chess.hu"]
[WhiteTeam "Bekesszentandras-KuTE"]
[BlackTeam "Oroshazi SE"]
[WhiteTeamCountry "HUN"]
[BlackTeamCountry "HUN"]

1. d4 Nf6 2. c4 e6 3. Nc3 d5 4. cxd5 exd5 5. Bg5 Nbd7 6. e3 Be7 7. Bd3 O-O 8. Nf3 Re8 9. O-O c6 10. Qc2 h6 11. Bh4 Ne4 12. Bxe7 Qxe7 13. a3 a5 14. Rab1 Ndf6 15. b4 axb4 16. axb4 Ra3 17. Bxe4 Nxe4 18. Nxe4 Qxe4 19. Qxe4 dxe4 20. Ne5 Be6 21. Ra1 Rea8 22. Rxa3 Rxa3 23. Rb1 g5 24. h3 f6 25. Ng4 Kg7 26. Nh2 Bc4 27. g3 h5 28. Rc1 Be6 29. Rb1 Bxh3 30. Nf1 Ra2 31. Nh2 Kf7 32. Nf1 Ke7 33. Rd1 Bxf1 34. Rxf1 Rb2 35. d5 Rxb4 36. dxc6 bxc6 37. Rc1 Kd6 38. Kg2 c5 39. Rh1 c4 40. Rxh5 c3 41. Rh1 c2 42. Rc1 Rc4 43. Kf1 Kc5 44. Ke2 Kb4 45. Kd2 Kb3 46. f4 exf3 47. g4 Rc6 48. e4 Rd6+ 49. Ke3 Rd1 0-1

[Event "NB2 Toth Laszlo csoport"]
[Site "Bekesszentandras"]
[Date "2024.12.01"]
[Round "3.7"]
[White "Pasztorcsik, Janos"]
[Black "Mohay, Henrik"]
[Result "1/2-1/2"]
[WhiteElo "1871"]
[BlackElo "1754"]
[PlyCount "78"]
[GameId "2119691542834579"]
[EventDate "2024.11.03"]
[EventType "team-tourn"]
[EventRounds "9"]
[EventCountry "HUN"]
[Source "chess.hu"]
[WhiteTeam "Oroshazi SE"]
[BlackTeam "Bekesszentandras-KuTE"]
[WhiteTeamCountry "HUN"]
[BlackTeamCountry "HUN"]

1. d4 Nf6 2. Nf3 e6 3. g3 b6 4. Bg2 Bb7 5. O-O c5 6. c3 Be7 7. Nbd2 O-O 8. Re1 d5 9. b3 Na6 10. Bb2 Rc8 11. a3 cxd4 12. cxd4 Nc7 13. Rc1 a5 14. Rc2 Nb5 15. Rxc8 Qxc8 16. Qa1 Qb8 17. Rc1 Rc8 18. a4 Nc7 19. Ba3 Bxa3 20. Qxa3 Na6 21. Rxc8+ Qxc8 22. Qd6 Qc1+ 23. Bf1 Qc7 24. Qxc7 Nxc7 25. e3 Na6 26. Bxa6 Bxa6 27. Ne5 Kf8 28. f3 Ke8 29. Kf2 Nd7 30. Nxd7 Kxd7 31. Ke1 Kd6 32. f4 Bd3 33. Kd1 f6 34. Nf3 Kc6 35. Kd2 Be4 36. Ne1 b5 37. Nd3 Bxd3 38. Kxd3 bxa4 39. bxa4 h6 1/2-1/2

[Event "NB2 Toth Laszlo csoport"]
[Site "Bekesszentandras"]
[Date "2024.12.01"]
[Round "3.8"]
[White "Zsirmik, Zsombor"]
[Black "Kulcsar, Jozsef"]
[Result "1/2-1/2"]
[WhiteElo "1750"]
[BlackElo "1959"]
[PlyCount "41"]
[GameId "2119691583597987"]
[EventDate "2024.11.03"]
[EventType "team-tourn"]
[EventRounds "9"]
[EventCountry "HUN"]
[Source "chess.hu"]
[WhiteTeam "Bekesszentandras-KuTE"]
[BlackTeam "Oroshazi SE"]
[WhiteTeamCountry "HUN"]
[BlackTeamCountry "HUN"]

1. e4 c6 2. d4 d5 3. exd5 cxd5 4. Bd3 Nf6 5. Ne2 Bg4 6. f3 Bh5 7. Bg5 e6 8. Qd2 Nc6 9. a3 Qb6 10. b3 Be7 11. Nbc3 Bg6 12. Be3 Rc8 13. Bf2 O-O 14. Bxg6 hxg6 15. O-O Bd6 16. g3 Ne7 17. Na4 Qc7 18. Rfc1 b5 19. Nb2 e5 20. dxe5 Bxe5 21. Bd4 1/2-1/2

[Event "NB2 Toth Laszlo csoport"]
[Site "Bekesszentandras"]
[Date "2024.12.01"]
[Round "3.9"]
[White "Berta, Gergely"]
[Black "Bogar, Attila"]
[Result "1-0"]
[WhiteElo "1991"]
[BlackElo "1859"]
[PlyCount "65"]
[GameId "2119691619134899"]
[EventDate "2024.11.03"]
[EventType "team-tourn"]
[EventRounds "9"]
[EventCountry "HUN"]
[Source "chess.hu"]
[WhiteTeam "Oroshazi SE"]
[BlackTeam "Bekesszentandras-KuTE"]
[WhiteTeamCountry "HUN"]
[BlackTeamCountry "HUN"]

1. e4 c6 2. d4 d5 3. Nc3 dxe4 4. Nxe4 Bf5 5. Ng3 Bg6 6. Nf3 Nd7 7. Bd3 Ngf6 8. O-O e6 9. Re1 Be7 10. a3 O-O 11. c4 c5 12. Bxg6 hxg6 13. Bf4 cxd4 14. Nxd4 Rc8 15. Qe2 Qb6 16. Red1 Qc5 17. Rac1 a5 18. Nb5 e5 19. Be3 Qc6 20. Na7 Qe6 21. Nxc8 Rxc8 22. f3 e4 23. Bd4 exf3 24. Qxe6 f2+ 25. Kxf2 fxe6 26. h3 Bc5 27. Bxc5 Nxc5 28. b4 axb4 29. axb4 Ncd7 30. Ke3 Ne5 31. Kd4 Nc6+ 32. Kc3 Ne5 33. Kb3 1-0

[Event "NB2 Toth Laszlo csoport"]
[Site "Bekesszentandras"]
[Date "2024.12.01"]
[Round "3.10"]
[White "Aczel-Szabo, Csongor"]
[Black "Bogdany, Gabor"]
[Result "1/2-1/2"]
[WhiteElo "1674"]
[BlackElo "1946"]
[PlyCount "107"]
[GameId "2119691653606851"]
[EventDate "2024.11.03"]
[EventType "team-tourn"]
[EventRounds "9"]
[EventCountry "HUN"]
[Source "chess.hu"]
[WhiteTeam "Bekesszentandras-KuTE"]
[BlackTeam "Oroshazi SE"]
[WhiteTeamCountry "HUN"]
[BlackTeamCountry "HUN"]

1. Nf3 Nf6 2. e3 b6 3. b3 Bb7 4. Be2 e6 5. O-O c5 6. d4 d5 7. Bb2 cxd4 8. Nxd4 Be7 9. Bb5+ Nbd7 10. Nc6 Bxc6 11. Bxc6 Rc8 12. Bb5 O-O 13. Nd2 Nc5 14. Rc1 a6 15. Be2 b5 16. Nf3 Nce4 17. Qd4 Qc7 18. a4 Bc5 19. Qd3 bxa4 20. bxa4 a5 21. Be5 Bd6 22. Bxd6 Nxd6 23. Qb3 Nc4 24. Rb1 Rb8 25. Qa2 Ne4 26. Qa1 Ned2 27. Nxd2 Nxd2 28. Rxb8 Rxb8 29. Rc1 Nc4 30. Rb1 Rxb1+ 31. Qxb1 Qb6 32. Qxb6 Nxb6 33. Bb5 Kf8 34. Kf1 Ke7 35. Ke2 Kd6 36. Kd3 Kc5 37. Kc3 e5 38. f3 f6 39. g4 h6 40. h3 g5 41. e4 d4+ 42. Kb3 Nc8 43. Bd3 Ne7 44. Ka3 Ng6 45. Kb3 Nf4 46. Bf1 d3 47. Bxd3 Nxh3 48. Be2 Nf4 49. Bd1 h5 50. gxh5 Nxh5 51. c3 Nf4 52. Bc2 Nh3 53. Kb2 Nf2 54. Kb3 1/2-1/2

[Event "NB2 Toth Laszlo csoport"]
[Site "Bekesszentandras"]
[Date "2024.12.01"]
[Round "3.11"]
[White "Czombos, Oliver"]
[Black "Balatoni, Gyorgy"]
[Result "1/2-1/2"]
[WhiteElo "1833"]
[BlackElo "1738"]
[PlyCount "27"]
[GameId "2119691687091667"]
[EventDate "2024.11.03"]
[EventType "team-tourn"]
[EventRounds "9"]
[EventCountry "HUN"]
[Source "chess.hu"]
[WhiteTeam "Oroshazi SE"]
[BlackTeam "Bekesszentandras-KuTE"]
[WhiteTeamCountry "HUN"]
[BlackTeamCountry "HUN"]

1. e4 c6 2. d4 d5 3. Nc3 dxe4 4. Nxe4 Nd7 5. Bd3 Ngf6 6. Ng5 g6 7. N1f3 h6 8. Ne6 Qb6 9. Ne5 Nxe5 10. dxe5 Bxe6 11. exf6 exf6 12. O-O Bg7 13. Be3 Qc7 14. Re1 1/2-1/2

[Event "NB2 Toth Laszlo csoport"]
[Site "Bekesszentandras"]
[Date "2024.12.01"]
[Round "3.12"]
[White "Juhasz, Attila"]
[Black "Safran, Istvan"]
[Result "1/2-1/2"]
[WhiteElo "1676"]
[BlackElo "1870"]
[PlyCount "46"]
[GameId "2119691723509219"]
[EventDate "2024.11.03"]
[EventType "team-tourn"]
[EventRounds "9"]
[EventCountry "HUN"]
[Source "chess.hu"]
[WhiteTeam "Bekesszentandras-KuTE"]
[BlackTeam "Oroshazi SE"]
[WhiteTeamCountry "HUN"]
[BlackTeamCountry "HUN"]

1. e4 e6 2. d4 d5 3. exd5 exd5 4. Bf4 Nd7 5. Nf3 Ngf6 6. Bd3 Ne4 7. Nbd2 f5 8. O-O Be7 9. Ne5 O-O 10. Nxd7 Bxd7 11. Be5 c6 12. c3 b5 13. a3 a6 14. Qc2 g6 15. Nf3 Ng5 16. Nxg5 Bxg5 17. f4 Be7 18. Rf3 Qe8 19. Re1 Qf7 20. Qf2 Rfe8 21. h4 h5 22. g3 a5 23. Rfe3 a4 1/2-1/2

[Event "NB2 Toth Laszlo csoport"]
[Site "Szeged"]
[Date "2024.12.01"]
[Round "3.1"]
[White "Samu, Gabor Jr."]
[Black "Vadkerti, Vince"]
[Result "1-0"]
[WhiteElo "2311"]
[BlackElo "2115"]
[PlyCount "71"]
[GameId "2119383981797686"]
[EventDate "2024.11.03"]
[EventType "team-tourn"]
[EventRounds "9"]
[EventCountry "HUN"]
[Source "chess.hu"]
[WhiteTeam "Bekesi TE"]
[BlackTeam "Meritum Egyesulet"]
[WhiteTeamCountry "HUN"]
[BlackTeamCountry "HUN"]

1. d4 Nf6 2. Nf3 g6 3. g3 Bg7 4. Bg2 O-O 5. c4 d6 6. O-O c5 7. Nc3 Nc6 8. d5 Na5 9. Nd2 a6 10. Rb1 Rb8 11. a3 Ng4 12. Qc2 Ne5 13. b3 b5 14. cxb5 axb5 15. b4 cxb4 16. axb4 Nac4 17. Nxc4 bxc4 18. Bd2 Bf5 19. Be4 Bh3 20. Rfc1 Qd7 21. Nd1 Qg4 22. Bf4 Qh5 23. b5 Rfc8 24. Rb4 c3 25. Ne3 Rc5 26. b6 Rb7 27. Ra1 Rc8 28. Ra7 Rcb8 29. Rxb7 Rxb7 30. Qa2 Rb8 31. b7 g5 32. Bxe5 c2 33. Qxc2 Bxe5 34. Qc7 Qxe2 35. Qxb8+ Kg7 36. Rb1 1-0

[Event "NB2 Toth Laszlo csoport"]
[Site "Szeged"]
[Date "2024.12.01"]
[Round "3.2"]
[White "Havasi, Gergely Bulcsu"]
[Black "Varga, Tamas"]
[Result "1-0"]
[WhiteElo "1874"]
[BlackElo "2140"]
[PlyCount "59"]
[GameId "2119384041075024"]
[EventDate "2024.11.03"]
[EventType "team-tourn"]
[EventRounds "9"]
[EventCountry "HUN"]
[Source "chess.hu"]
[WhiteTeam "Meritum Egyesulet"]
[BlackTeam "Bekesi TE"]
[WhiteTeamCountry "HUN"]
[BlackTeamCountry "HUN"]

1. e4 d6 2. d4 Nf6 3. Nc3 g6 4. Be2 Bg7 5. g4 c5 6. d5 a6 7. a4 Qa5 8. Bd2 h6 9. f3 e5 10. Nb5 Qd8 11. Na3 h5 12. g5 Nh7 13. h4 f6 14. Qc1 fxg5 15. hxg5 O-O 16. a5 b5 17. axb6 Qxb6 18. Nc4 Qd8 19. Rh2 Ra7 20. Rg2 Raf7 21. Ra3 h4 22. Rb3 h3 23. Rh2 Rf4 24. Bxf4 exf4 25. Nxh3 Bxh3 26. Rxh3 Qxg5 27. Kd2 Nf6 28. Qh1 Nh5 29. Rb7 Ng3 30. Rh8+ 1-0

[Event "NB2 Toth Laszlo csoport"]
[Site "Szeged"]
[Date "2024.12.01"]
[Round "3.3"]
[White "Csomos, Roland"]
[Black "Szilassi, Abel"]
[Result "1-0"]
[WhiteElo "2147"]
[BlackElo "1941"]
[PlyCount "97"]
[GameId "2119384077320544"]
[EventDate "2024.11.03"]
[EventType "team-tourn"]
[EventRounds "9"]
[EventCountry "HUN"]
[Source "chess.hu"]
[WhiteTeam "Bekesi TE"]
[BlackTeam "Meritum Egyesulet"]
[WhiteTeamCountry "HUN"]
[BlackTeamCountry "HUN"]

1. d4 g6 2. c4 Bg7 3. e4 d6 4. Nc3 Nf6 5. f3 Nbd7 6. Be3 c5 7. Nge2 a6 8. Qd2 h6 9. O-O-O Qa5 10. Nd5 Qxd2+ 11. Rxd2 Nxd5 12. cxd5 b6 13. Kb1 Bb7 14. Nf4 Rc8 15. Be2 O-O 16. Rc1 Rc7 17. g4 Rfc8 18. Rdc2 Nf6 19. h4 Ne8 20. dxc5 bxc5 21. Bc4 Rb8 22. g5 h5 23. Nd3 Bc8 24. f4 Ra7 25. Rf1 Nc7 26. f5 Nb5 27. Kc1 Bd4 28. Bxd4 Nxd4 29. fxg6 Nxc2 30. gxf7+ Kf8 31. Kxc2 Bg4 32. Rf2 Kg7 33. e5 a5 34. e6 a4 35. Kc3 Rab7 36. Nf4 Rf8 37. Bd3 c4 38. Bxc4 Rc7 39. b3 Bd1 40. Rf1 axb3 41. axb3 Bxb3 42. Kxb3 Rb8+ 43. Kc3 Rbc8 44. Nxh5+ Kf8 45. Nf4 Rxc4+ 46. Kd3 Rc3+ 47. Ke4 R8c4+ 48. Kf5 Kg7 49. h5 1-0

[Event "NB2 Toth Laszlo csoport"]
[Site "Szeged"]
[Date "2024.12.01"]
[Round "3.4"]
[White "Retkes, Sandor"]
[Black "Szasz, Janos"]
[Result "1/2-1/2"]
[WhiteElo "1953"]
[BlackElo "2067"]
[PlyCount "55"]
[GameId "2119384112111984"]
[EventDate "2024.11.03"]
[EventType "team-tourn"]
[EventRounds "9"]
[EventCountry "HUN"]
[Source "chess.hu"]
[WhiteTeam "Meritum Egyesulet"]
[BlackTeam "Bekesi TE"]
[WhiteTeamCountry "HUN"]
[BlackTeamCountry "HUN"]

1. d4 d5 2. Bf4 Nf6 3. e3 g6 4. Nf3 Bg7 5. Bd3 O-O 6. O-O Nh5 7. c3 Nxf4 8. exf4 Bg4 9. h3 Bxf3 10. Qxf3 Qd6 11. Na3 c6 12. Nc2 Nd7 13. Ne3 e6 14. Rad1 c5 15. dxc5 Nxc5 16. Bb1 Qb6 17. Qe2 Rfd8 18. Kh1 Qc6 19. Nc2 a5 20. Kh2 Qc7 21. g3 Ne4 22. Nd4 Bxd4 23. Bxe4 Bxf2 24. Rxf2 dxe4 25. Rxd8+ Rxd8 26. Qxe4 Qc5 27. Rg2 b5 28. a3 1/2-1/2

[Event "NB2 Toth Laszlo csoport"]
[Site "Szeged"]
[Date "2024.12.01"]
[Round "3.5"]
[White "Visnyei, Illes"]
[Black "Csuri, Laszlo"]
[Result "1/2-1/2"]
[WhiteElo "1995"]
[BlackElo "1952"]
[PlyCount "47"]
[GameId "2119384147046794"]
[EventDate "2024.11.03"]
[EventType "team-tourn"]
[EventRounds "9"]
[EventCountry "HUN"]
[Source "chess.hu"]
[WhiteTeam "Bekesi TE"]
[BlackTeam "Meritum Egyesulet"]
[WhiteTeamCountry "HUN"]
[BlackTeamCountry "HUN"]

1. e4 e6 2. d4 d5 3. exd5 exd5 4. Nf3 Nf6 5. Bg5 Be7 6. Be2 O-O 7. O-O c6 8. Re1 Re8 9. c3 Nbd7 10. Qc2 Nf8 11. Nbd2 Ne6 12. Bh4 Nf4 13. Bf1 Be6 14. a4 Ng6 15. Bg3 Bd6 16. Ne5 Bxe5 17. Bxe5 Nxe5 18. Rxe5 Qd6 19. h3 Nd7 20. Re3 Nf8 21. Bd3 Bd7 22. Rae1 Rxe3 23. Rxe3 Re8 24. Rxe8 1/2-1/2

[Event "NB2 Toth Laszlo csoport"]
[Site "Szeged"]
[Date "2024.12.01"]
[Round "3.6"]
[White "Farago, Gergo Levente"]
[Black "Somogyi, Gabor"]
[Result "1/2-1/2"]
[WhiteElo "2000"]
[BlackElo "1918"]
[PlyCount "99"]
[GameId "2119384187175322"]
[EventDate "2024.11.03"]
[EventType "team-tourn"]
[EventRounds "9"]
[EventCountry "HUN"]
[Source "chess.hu"]
[WhiteTeam "Meritum Egyesulet"]
[BlackTeam "Bekesi TE"]
[WhiteTeamCountry "HUN"]
[BlackTeamCountry "HUN"]

1. b3 d5 2. Bb2 Nf6 3. Nf3 c5 4. e3 Nc6 5. d4 cxd4 6. Nxd4 e6 7. a3 Be7 8. g3 O-O 9. Bg2 Bd7 10. O-O Rc8 11. Nd2 Nxd4 12. Bxd4 Qc7 13. c4 dxc4 14. Nxc4 b5 15. Ne5 Bd6 16. Nxd7 Nxd7 17. Rc1 Qxc1 18. Qxc1 Rxc1 19. Rxc1 Bxa3 20. Rc7 Rd8 21. Rxa7 Bf8 22. Bc6 Nc5 23. Bxc5 Bxc5 24. Ra5 Rb8 25. Rxb5 Rxb5 26. Bxb5 Kf8 27. Kf1 Ke7 28. Ke2 Kd6 29. Kd3 Bb4 30. Kc4 Be1 31. f3 Bf2 32. Kd3 Be1 33. Kc4 Bf2 34. e4 Bg1 35. h3 Bf2 36. g4 Ke5 37. Be8 f5 38. Bf7 fxe4 39. fxe4 Kxe4 40. Bxe6 Kf4 41. Kd5 g6 42. b4 h5 43. b5 h4 44. Bd7 g5 45. Ke6 Kg3 46. Kf5 Be3 47. Ke4 Bb6 48. Kf5 Be3 49. Ke4 Bb6 50. Kf5 1/2-1/2

[Event "NB2 Toth Laszlo csoport"]
[Site "Szeged"]
[Date "2024.12.01"]
[Round "3.7"]
[White "Takacs, Lajos"]
[Black "Havasi, Mate Pal"]
[Result "1-0"]
[WhiteElo "1967"]
[BlackElo "1803"]
[PlyCount "41"]
[GameId "2119384229433770"]
[EventDate "2024.11.03"]
[EventType "team-tourn"]
[EventRounds "9"]
[EventCountry "HUN"]
[Source "chess.hu"]
[WhiteTeam "Bekesi TE"]
[BlackTeam "Meritum Egyesulet"]
[WhiteTeamCountry "HUN"]
[BlackTeamCountry "HUN"]

1. e4 d5 2. exd5 Qxd5 3. Nc3 Qa5 4. d4 Nf6 5. Bc4 Bf5 6. Bf4 e6 7. Nge2 c6 8. a3 Nbd7 9. O-O Be7 10. b4 Qd8 11. Ng3 Bg6 12. Bd3 Nb6 13. Bxg6 hxg6 14. Nce4 Nbd5 15. Be5 Nxe4 16. Nxe4 Nf6 17. Qe2 Qd5 18. Nc5 Bxc5 19. bxc5 O-O-O 20. Rab1 Nd7 21. c4 1-0

[Event "NB2 Toth Laszlo csoport"]
[Site "Szeged"]
[Date "2024.12.01"]
[Round "3.8"]
[White "Bodicsi, Barna"]
[Black "Nagy, Gabor Dr."]
[Result "1-0"]
[WhiteElo "1764"]
[BlackElo "1879"]
[PlyCount "29"]
[GameId "2119384263188922"]
[EventDate "2024.11.03"]
[EventType "team-tourn"]
[EventRounds "9"]
[EventCountry "HUN"]
[Source "chess.hu"]
[WhiteTeam "Meritum Egyesulet"]
[BlackTeam "Bekesi TE"]
[WhiteTeamCountry "HUN"]
[BlackTeamCountry "HUN"]

1. e4 c5 2. Nf3 Nc6 3. d4 cxd4 4. Nxd4 g6 5. Nc3 Bg7 6. Be3 Nf6 7. Bc4 O-O 8. h4 Ng4 9. h5 Nxe3 10. fxe3 Qb6 11. hxg6 h6 12. Bxf7+ Kh8 13. Rxh6+ Bxh6 14. Qh5 Kg7 15. Nf5+ 1-0

[Event "NB2 Toth Laszlo csoport"]
[Site "Szeged"]
[Date "2024.12.01"]
[Round "3.9"]
[White "Gosztolya, Ferenc Dr."]
[Black "Fabian, Istvan"]
[Result "1-0"]
[WhiteElo "1954"]
[BlackElo "1805"]
[PlyCount "53"]
[GameId "2119384340615626"]
[EventDate "2024.11.03"]
[EventType "team-tourn"]
[EventRounds "9"]
[EventCountry "HUN"]
[Source "chess.hu"]
[WhiteTeam "Bekesi TE"]
[BlackTeam "Meritum Egyesulet"]
[WhiteTeamCountry "HUN"]
[BlackTeamCountry "HUN"]

1. c4 Nf6 2. Nc3 b6 3. e4 d6 4. g3 Bb7 5. Bg2 e6 6. Nge2 Be7 7. O-O Nbd7 8. Re1 Ne5 9. d4 Ng6 10. e5 Bxg2 11. exf6 Bh3 12. fxe7 Qxe7 13. Qa4+ Kf8 14. Qc6 Qd8 15. Nb5 a6 16. Nbc3 h5 17. Ne4 h4 18. Ng5 hxg3 19. fxg3 Rh5 20. Qf3 Rxg5 21. Bxg5 f6 22. Nf4 Nxf4 23. Bxf4 Bf5 24. Rac1 g5 25. Bxg5 fxg5 26. g4 Kg7 27. gxf5 1-0

[Event "NB2 Toth Laszlo csoport"]
[Site "Szeged"]
[Date "2024.12.01"]
[Round "3.10"]
[White "Karman, Gergely"]
[Black "Balog, Imre"]
[Result "1-0"]
[WhiteElo "1891"]
[BlackElo "1872"]
[PlyCount "110"]
[GameId "2119384377115098"]
[EventDate "2024.11.03"]
[EventType "team-tourn"]
[EventRounds "9"]
[EventCountry "HUN"]
[Source "chess.hu"]
[WhiteTeam "Meritum Egyesulet"]
[BlackTeam "Bekesi TE"]
[WhiteTeamCountry "HUN"]
[BlackTeamCountry "HUN"]

1. e4 c6 2. d4 d5 3. exd5 cxd5 4. c4 Nf6 5. Nc3 e6 6. Nf3 Be7 7. Be2 O-O 8. O-O b6 9. Bf4 Bb7 10. Rc1 Nc6 11. Ne5 dxc4 12. Nxc6 Bxc6 13. Bxc4 Nd5 14. Nxd5 Bxd5 15. Bxd5 Qxd5 16. Rc7 Bf6 17. Qa4 Qxd4 18. Qxd4 Bxd4 19. b4 Rfc8 20. Rfc1 Rxc7 21. Rxc7 h6 22. Be3 Be5 23. Rd7 Bf6 24. Kf1 Bg5 25. f4 Bf6 26. Rb7 g5 27. Ke2 gxf4 28. Bxf4 Bg5 29. Bb8 a5 30. b5 Bd8 31. a4 Kg7 32. Kd3 Kf6 33. Ba7 Be7 34. Bxb6 Bb4 35. Rd7 e5 36. Rd8 Rxd8+ 37. Bxd8+ Ke6 38. Bc7 f5 39. Kc4 e4 40. Bf4 Bd6 41. Bxd6 Kxd6 42. Kd4 h5 43. g3 Ke6 44. h3 Kd6 45. g4 hxg4 46. hxg4 fxg4 47. Kxe4 Kc5 48. Kf4 Kb4 49. b6 Kxa4 50. b7 Ka3 51. b8=Q a4 52. Qb1 g3 53. Qa1+ Kb3 54. Kxg3 a3 55. Kf3 a2 1-0

[Event "NB2 Toth Laszlo csoport"]
[Site "Szeged"]
[Date "2024.12.01"]
[Round "3.11"]
[White "Szabo, Mate"]
[Black "Havasi, Huba Laszlo"]
[Result "0-1"]
[WhiteElo "1433"]
[BlackElo "1806"]
[PlyCount "94"]
[GameId "2119384414732778"]
[EventDate "2024.11.03"]
[EventType "team-tourn"]
[EventRounds "9"]
[EventCountry "HUN"]
[Source "chess.hu"]
[WhiteTeam "Bekesi TE"]
[BlackTeam "Meritum Egyesulet"]
[WhiteTeamCountry "HUN"]
[BlackTeamCountry "HUN"]

1. e4 e6 2. d4 d5 3. e5 c5 4. c3 Nc6 5. Nf3 Bd7 6. Bb5 Nxe5 7. Bxd7+ Nxd7 8. O-O Ngf6 9. Bf4 Be7 10. Re1 O-O 11. Ne5 Qb6 12. Re2 Rac8 13. Qa4 Nxe5 14. Bxe5 a6 15. dxc5 Qxc5 16. Bd4 Qc4 17. Qxc4 dxc4 18. Nd2 Nd5 19. g3 Rc6 20. Nf3 f6 21. Rae1 e5 22. Be3 Nxe3 23. Rxe3 Rd8 24. Rf1 Rd3 25. Rxd3 cxd3 26. Rd1 Rd6 27. Nd2 b5 28. f3 Rd5 29. Nb3 f5 30. f4 e4 31. Kf2 Bd8 32. Ke3 a5 33. Nd4 Bb6 34. h3 b4 35. g4 g6 36. gxf5 gxf5 37. Rg1+ Kf7 38. Rg5 h6 39. Rg1 Rc5 40. Rb1 Rc4 41. a3 Ke7 42. axb4 axb4 43. Ra1 bxc3 44. bxc3 Rxc3 45. Ra4 d2+ 46. Ke2 d1=Q+ 47. Kxd1 Rd3+ 0-1

[Event "NB2 Toth Laszlo csoport"]
[Site "Kecskemet"]
[Date "2024.12.15"]
[Round "4.1"]
[White "Samu, Gabor Jr."]
[Black "Vamos, Viktor"]
[Result "1-0"]
[WhiteElo "2311"]
[BlackElo "2142"]
[PlyCount "51"]
[GameId "2123404602550129"]
[EventDate "2024.11.03"]
[EventType "team-tourn"]
[EventRounds "9"]
[EventCountry "HUN"]
[Source "chess.hu"]
[WhiteTeam "Bekesi TE"]
[BlackTeam "TAKISZ SE"]
[WhiteTeamCountry "HUN"]
[BlackTeamCountry "HUN"]

1. d4 Nf6 2. c4 Nc6 3. Nc3 e5 4. d5 Ne7 5. Nf3 Ng6 6. h4 h5 7. a3 d6 8. g3 Be7 9. e4 Ng4 10. Be2 f5 11. Ng5 f4 12. Ne6 Bxe6 13. dxe6 Nxf2 14. Kxf2 fxg3+ 15. Kg2 O-O 16. Bxh5 Rf2+ 17. Kh3 g2 18. Rg1 Nf4+ 19. Bxf4 Rxf4 20. Kxg2 Rxh4 21. Bf7+ Kf8 22. Rh1 c6 23. Qf3 Qb6 24. Rxh4 Bxh4 25. Rh1 Qxb2+ 26. Ne2 1-0

[Event "NB2 Toth Laszlo csoport"]
[Site "Kecskemet"]
[Date "2024.12.15"]
[Round "4.2"]
[White "Horvath, Jozsef"]
[Black "Varga, Tamas"]
[Result "0-1"]
[WhiteElo "2032"]
[BlackElo "2140"]
[PlyCount "80"]
[GameId "2123405026920321"]
[EventDate "2024.11.03"]
[EventType "team-tourn"]
[EventRounds "9"]
[EventCountry "HUN"]
[Source "chess.hu"]
[WhiteTeam "TAKISZ SE"]
[BlackTeam "Bekesi TE"]
[WhiteTeamCountry "HUN"]
[BlackTeamCountry "HUN"]

1. c4 e6 2. g3 Nf6 3. Bg2 d5 4. b3 dxc4 5. bxc4 Qd4 6. Nc3 Qxc4 7. Nf3 c6 8. O-O Bd6 9. Bb2 Nbd7 10. Qc1 O-O 11. d3 Qg4 12. Rb1 e5 13. Rd1 Re8 14. Ng5 h6 15. Nge4 Be7 16. Ba3 Qe6 17. Bxe7 Qxe7 18. Bh3 Nb6 19. Nxf6+ Qxf6 20. Bxc8 Raxc8 21. a4 Qe7 22. Qb2 Rb8 23. Rdc1 Red8 24. Qb3 Nd5 25. Ne4 Nf6 26. Nd2 e4 27. Nf1 exd3 28. exd3 Qe2 29. Rc2 Qf3 30. Ne3 b6 31. Qc4 c5 32. a5 Nd5 33. Re1 Nb4 34. Rc3 Rd4 35. Qb3 Rbd8 36. axb6 axb6 37. Rf1 Rxd3 38. Rxd3 Rxd3 39. Qb1 Rd6 40. Nf5 Re6 0-1

[Event "NB2 Toth Laszlo csoport"]
[Site "Kecskemet"]
[Date "2024.12.15"]
[Round "4.3"]
[White "Szasz, Janos"]
[Black "Keresztes, Mark"]
[Result "1-0"]
[WhiteElo "2067"]
[BlackElo "1983"]
[PlyCount "79"]
[GameId "2123405070690195"]
[EventDate "2024.11.03"]
[EventType "team-tourn"]
[EventRounds "9"]
[EventCountry "HUN"]
[Source "chess.hu"]
[WhiteTeam "Bekesi TE"]
[BlackTeam "TAKISZ SE"]
[WhiteTeamCountry "HUN"]
[BlackTeamCountry "HUN"]

1. d4 Nf6 2. Bf4 d5 3. e3 e6 4. Nf3 Be7 5. c4 O-O 6. Nc3 b6 7. Be2 Bb7 8. O-O a6 9. Rc1 Nbd7 10. cxd5 exd5 11. h3 Rc8 12. Ne5 Re8 13. Bf3 Bd6 14. Nxd7 Qxd7 15. Bxd6 Qxd6 16. Qb3 Re7 17. Rfd1 Rce8 18. Ne2 g5 19. Qc2 Kh8 20. Ng3 Bc8 21. Nf5 Bxf5 22. Qxf5 Rg8 23. Rc3 c6 24. Rdc1 c5 25. dxc5 bxc5 26. Rxc5 Re5 27. Qd3 g4 28. hxg4 Nxg4 29. Rc8 Reg5 30. Rxg8+ Kxg8 31. Bxg4 Rxg4 32. Qf5 Rg6 33. Rd1 Qb4 34. b3 Qa3 35. Qc8+ Kg7 36. Qc3+ f6 37. Rxd5 Qxa2 38. Qc7+ Kh6 39. Qh2+ Kg7 40. Rd7+ 1-0